000 00488nam a22001937a 4500
003 OSt
005 20140310182946.0
008 130205t xxu||||| |||| 00| 0 eng d
020 _a9710489596 (v. 1)
050 _aHJ 2240
_b.D666 2010
100 _aDomondon, Abelardo T.
245 _aTaxation /
_cAbelardo T. Domondon
260 _aManila
_bGIC Enterprises
_c2010
300 _a229 p. :
_bill. ;
_c23 cm.
521 _aBSA
562 _e1
942 _2lcc
_cBK
_kLOC
999 _c17818
_d17818